000 01012nac a22002891i 4500
003 EG-ScBUE
005 20250731115008.0
008 250731s2007 nyu f 001 0 eng d
020 _a9780735403826
020 _a0094243X
040 _aEG-ScBUE
_beng
_erda
_cEG-ScBUE
_dEG-ScBUE
082 0 4 _a539.76
_222
_bCAI
245 0 0 _aCairo International Conference on High Energy (CHCEP II) /
_ceditor Shaaban Khalil, Ain Shams University & German University, Cairo, Egypt.
264 1 _aMelville, NY :
_bAmerican Institute of Physics,
_c2007.
300 _avi, 286 pages ;
_c24 cm
336 _2rdacontent
_atext
_btxt
337 _aunmediated
_2rdamedia
_bn
338 _avolume
_bnc
_2rdacarrier
500 _aIncludes index.
650 7 _aHigh energy physics.
_2BUEsh
650 7 _aCICHEP.
_2BUEsh
650 7 _aParticles (Nuclear physics)
_vCongresses.
_2BUEsh
655 _vReading book
942 _cBB
_2ddc
999 _c3505
_d3505